Don Quijote de la Mancha

Guardado en:
Bibliografiske detaljer
Hovedforfatter: Cervantes
Format: Bog
Sprog:Undetermined
Udgivet: México, Distrito Federal Editores Mexicanos Unidos 1994
Fag:
Tags: Tilføj Tag
Ingen Tags, Vær først til at tagge denne postø!

MARC

LEADER 00000nam a2200000Ia 4500
008 170316s9999 xx 000 0 und d
040 |a cru BVZT 
090 |a 862 C-37d 
100 |a Cervantes 
245 |a Don Quijote de la Mancha 
260 |a México, Distrito Federal 
260 |b Editores Mexicanos Unidos 
260 |c 1994 
300 |a 600 páginas 
650 |a LITERATURA ESPAÑOLA 
650 |a INFORMACIÓN HISTÓRICA 
999 |c 9678  |d 9678 
942 |c 15 D  |h 862 C-37d  |2 z